Ellas en la maquila
Na minha lista:
| Autores principales: | , |
|---|---|
| Formato: | Desconhecido |
| Idioma: | Spanish |
| Publicado em: |
San José, Costa Rica:
ABC Editorial
1995
|
| Edição: | 2. edición |
| Assuntos: | |
| Tags: |
Adicionar Tag
Sem tags, seja o primeiro a adicionar uma tag!
|
MARC
| LEADER | 000000000a22000000004500 | ||
|---|---|---|---|
| 001 | 000496 | ||
| 008 | 140707s1995 c |||f |||| 000 1 spa d | ||
| 020 | |a 997716112 | ||
| 041 | 0 | |a español | |
| 082 | |a CR862.44 |b P438e2 | ||
| 100 | 1 | |a Pérez Rey, Guadalupe | |
| 100 | 1 | |a Cavallini Solano, Leda | |
| 245 | 1 | 0 | |a Ellas en la maquila |c Lupe Pérez Rey, Leda Cavallini Solano |
| 250 | |a 2. edición | ||
| 260 | |a San José, Costa Rica: |b ABC Editorial |c 1995 | ||
| 300 | |a 75 páginas | ||
| 500 | |a Número de inscripción 13720 | ||
| 650 | 4 | |a LITERATURA COSTARRICENSE |v TEATRO | |
| 650 | 4 | |a TRABAJO DE LA MUJER | |
| 650 | 4 | |a RELACIONES INDUSTRIALES | |
| 942 | |2 ddc |c BK | ||
| 999 | |c 1289 |d 1289 | ||
